| 000 | 00892cam a22002771 4500 | ||
|---|---|---|---|
| 001 | 7445049 | ||
| 003 | ARRUPE | ||
| 005 | 20150521130500.0 | ||
| 008 | 750828s1953 xx 000 0 eng | ||
| 010 | _a 53012509 | ||
| 035 | _a(OCoLC)1578361 | ||
| 040 |
_aDLC _cFBoU _dMnU _dOCoLC _dDLC |
||
| 042 | _apremarc | ||
| 050 | 0 | 0 |
_aB1299.N31 _bT4 |
| 082 | _a113 | ||
| 100 | 1 |
_aNewton, Isaac, _d1642-1727. _917210 |
|
| 245 | 1 | 0 |
_aNewton's philosophy of nature: _bselections from his writings/ _cedited and arr. with notes by H. S. Thayer. |
| 260 |
_aNew York, _bHafner Pub. Co., _c1953. |
||
| 300 |
_axvi, 207 p. _c21 cm. |
||
| 490 | 0 |
_aThe Hafner library of classics, _vno. 16 |
|
| 504 | _aBibliography: p. 205-207. | ||
| 650 | 0 |
_aPhilosophy of nature. _917211 |
|
| 700 |
_aThayer, Horace S. _eed. _917909 |
||
| 906 |
_a7 _bcbc _coclcrpl _du _encip _f19 _gy-gencatlg |
||
| 942 |
_2lcc _cMONOGRAPH |
||
| 999 |
_c122673 _d122673 |
||